Score 0/22 Timer 02:00
0 Plays Today
Clue 4-letter Word % Correct
◼ Facebook entry ◼◼ POST ◼
94.4%
Sit for an artistPOSE
93.4%
◼ Facebook button ◼◼ LIKE ◼
91.4%
◼ Facebook nudge ◼◼ POKE ◼
91.2%
Enclosed body of waterLAKE
91.1%
Scalp parasitesLICE
89.7%
To tongueLICK
86.3%
Y chromosome carrierMALE
85.9%
'And Then There Were ___'NONE
83.1%
Took a tumbleFELL
82.9%
Examine by touchFEEL
82.5%
Clue 4-letter Word % Correct
Car model partner?MAKE
81.4%
Teen's hangout spotMALL
80.5%
Like a famous rangerLONE
79.7%
◼ Shareable URL ◼◼ LINK ◼
79.4%
Source of waterWELL
78.3%
Smoke marijuana, slangilyTOKE
78.3%
Small bag used for carryingTOTE
78%
y=mx+b is the equation for thisLINE
76.5%
◼ Facebook feature before the timeline ◼◼ WALL ◼
74.8%
◼ Facebook update (lengthier) ◼◼ NOTE ◼
70.6%
◼ Facebook News ___◼ FEED ◼
68%

Today's Daily Dose

Remove Ads.
Support Sporcle.
Get the best of Sporcle when you Go Orange. This ad-free experience offers more features, more stats, and more fun while also helping to support Sporcle. Thank you for becoming a member.

You're not logged in!

Compare scores with friends on all Sporcle quizzes.
OR
Log In

Show Comments

Extras

Top Quizzes Today


Score Distribution

Your Account Isn't Verified!

In order to create a playlist on Sporcle, you need to verify the email address you used during registration. Go to your Sporcle Settings to finish the process.

Report this User

Report this user for behavior that violates our Community Guidelines.

Details: